[Event "Australian Open"]
[Site "Tuggeranong AUS"]
[Date "2007.01.05"]
[Round "8"]
[White "Ikeda,J"]
[Black "Schon,E"]
[Result "1-0"]
[WhiteElo "2142"]
[BlackElo "1849"]

1.e4 e6 2.d4 d5 3.Nc3 Nf6 4.e5 Nfd7 5.f4 c5 6.Nf3 Nc6 7.Be3 cxd4 8.Nxd4 Bc5
9.Qd2 O-O 10.O-O-O a6 11.Kb1 Nxd4 12.Bxd4 b5 13.g3 Qc7 14.Qe3 Bb7 15.Bd3 Bxd4
16.Qxd4 Qc5 17.Ne2 Rac8 18.Rhe1 b4 19.f5 Qxd4 20.Nxd4 Nc5 21.g4 Rfe8 22.f6 g6
23.g5 a5 24.Nb5 Red8 25.Nd6 Rc7 26.Bf1 Ba6 27.Bxa6 Nxa6 28.Rd4 Nc5 29.Rh4 Ne4
30.Nxe4 dxe4 31.Rhxe4 Rd2 32.R4e2 Rcxc2 33.Rxd2 Rxd2 34.Rc1 h5 35.Rc8+ Kh7
36.Rf8 Rd7 37.b3 h4 38.h3 Rd3 39.Rxf7+ Kg8 40.Rg7+ Kf8 41.Rxg6 Rxh3 42.Rh6 Rh1+
43.Kc2 Kg8 44.g6 Rg1 45.g7 Kf7 46.Rh8  1-0

[Event "ch-CUB Open"]
[Site "Santa Clara CUB"]
[Date "2007.01.14"]
[Round "5"]
[White "Quezada,Y"]
[Black "Borges Mateos,J"]
[Result "1-0"]
[WhiteElo "2515"]
[BlackElo "2473"]

1.e4 e6 2.d4 d5 3.Nc3 Nf6 4.e5 Nfd7 5.f4 c5 6.Nf3 Nc6 7.Be3 a6 8.Qd2 Be7
9.Be2 b5 10.O-O O-O 11.Nd1 b4 12.Nf2 a5 13.c4 bxc3 14.bxc3 Ba6 15.Bxa6 Rxa6
16.dxc5 Nxc5 17.Rac1 Qa8 18.Qe2 Nd7 19.Rb1 Rc8 20.Rfc1 Ba3 21.Rd1 Ne7 22.Nd4 Bc5
23.Nd3 Bxd4 24.cxd4 Nf5 25.Bf2 Rc4 26.Nb2 Rb4 27.a3 Rb3 28.Na4 Rxa3 29.Qb5 Ra7
30.Nc5  1-0

[Event "ch-CUB Open"]
[Site "Santa Clara CUB"]
[Date "2007.01.14"]
[Round "5"]
[White "Ortiz,I"]
[Black "Nogueiras,J"]
[Result "1-0"]
[WhiteElo "2352"]
[BlackElo "2560"]

1.e4 e6 2.d4 d5 3.Nc3 Nf6 4.e5 Nfd7 5.f4 c5 6.Nf3 Nc6 7.Be3 Be7 8.Qd2 O-O
9.dxc5 Nxc5 10.O-O-O b6 11.h4 Bb7 12.Qe1 f6 13.exf6 Rxf6 14.f5 Kh8 15.fxe6 Rxe6
16.Nxd5  1-0

[Event "Open"]
[Site "Geneve SUI"]
[Date "2007.01.20"]
[Round "1"]
[White "Starostits,I"]
[Black "Buffat,P"]
[Result "1-0"]
[WhiteElo "2472"]
[BlackElo "1828"]

1.e4 e6 2.d4 d5 3.Nc3 Nf6 4.e5 Nfd7 5.f4 c5 6.Nf3 Nc6 7.Be3 Be7 8.Qd2 a6
9.g3 b5 10.h4 Bb7 11.h5 cxd4 12.Nxd4 Rc8 13.h6 g6 14.Nxc6 Rxc6 15.Bg2 Nb6
16.Bd4 Nc4 17.Qf2 Qa5 18.O-O Qc7 19.f5 Bc5 20.fxe6 fxe6 21.Bxc5 Rxc5 22.Qf6 Qxe5
23.Qf7+ Kd8 24.Qxb7 Qe3+ 25.Rf2 Ne5 26.Qb8+ Rc8 27.Qd6+ Nd7 28.Rf1 Rf8 29.Nd1 Qa7
30.Kh2 Rf5 31.Qxe6 Nf8 32.Qxd5+ Rxd5 33.Rxf8+  1-0

[Event "SDZ Open"]
[Site "Solin CRO"]
[Date "2007.01.20"]
[Round "1"]
[White "Bozanic,I"]
[Black "Cokaric,A"]
[Result "1-0"]
[WhiteElo "2252"]
[BlackElo "1770"]

1.e4 e6 2.d4 d5 3.Nc3 Nf6 4.e5 Nfd7 5.f4 c5 6.Nf3 Nc6 7.Bd3 a6 8.O-O cxd4
9.Ne2 Nc5 10.Nexd4 Nxd3 11.Qxd3 Bc5 12.c3 Bd7 13.Be3 g6 14.Kh1 Be7 15.g4 Qa5
16.f5 gxf5 17.gxf5 O-O-O 18.b4 Qa4 19.f6 Bf8 20.Rg1 h6 21.Nb3 Qb5 22.Qxb5 axb5
23.Rg3 h5 24.Rag1 Kc7 25.Nbd4 Kc8 26.Rg8 Bh6 27.Rxh8 Rxh8 28.Bxh6 Rxh6 29.Nxb5 Nd8
30.Nd6+ Kc7 31.Rg7 Bc6 32.Nxf7 Nxf7 33.Rxf7+ Kd8 34.Nd4 Bd7 35.Rf8+ Kc7 36.f7 Rh7
37.Rc8+  1-0

[Event "GM"]
[Site "Geneve SUI"]
[Date "2007.01.21"]
[Round "2"]
[White "Maze,S"]
[Black "Malakhatko,V"]
[Result "1/2-1/2"]
[WhiteElo "2506"]
[BlackElo "2604"]

1.e4 e6 2.d4 d5 3.Nc3 Nf6 4.e5 Nfd7 5.Nce2 c5 6.f4 Nc6 7.c3 Be7 8.Nf3 O-O
9.a3 a5 10.Ng3 cxd4 11.cxd4 f5 12.exf6 Nxf6 13.Bd3 Qb6 14.Bc2 Bd7 15.O-O a4
16.Kh1 Na5 17.Ne5 Be8 18.f5 Nb3 19.Bxb3 axb3 20.fxe6 Qxe6 21.Qxb3 Ba4 22.Qd3 Ne4
23.Be3 Nxg3+ 24.hxg3 Rf6 25.Qd2 Bd6 26.Bf4 Bb5 27.Rf3 Bxe5 28.dxe5 Rg6 29.Rd1 Bc6
30.b4 h6 31.Kg1 Qe8 32.Rc3 Re6 33.Qd3 g5 34.Be3 Rxe5 35.Bd4 Re6 36.Qb1 Rd8
37.b5 Bxb5 38.Rc7 Rd7 39.Rxd7 Qxd7 40.Re1 Bd3 41.Qb4 Rxe1+ 42.Qxe1 Be4 43.Qa5 Kh7
44.Qa8 Qf7 45.Qh8+ Kg6 46.g4 Bc2 47.Qc8 Bd3 48.Be5 Be4 49.a4 Kh7  1/2-1/2

[Event "12th HIT Open A"]
[Site "Nova Gorica SLO"]
[Date "2007.01.28"]
[Round "4"]
[White "Saric,Iv"]
[Black "Varini,M"]
[Result "1-0"]
[WhiteElo "2469"]
[BlackElo "2027"]

1.e4 e6 2.d4 d5 3.Nc3 Nf6 4.e5 Nfd7 5.f4 c5 6.Nf3 Nc6 7.Be3 cxd4 8.Nxd4 Bc5
9.Qd2 O-O 10.O-O-O a6 11.Nb3 Bb4 12.Bd3 b5 13.g4 Nb6 14.Qf2 Rb8 15.g5 Bxc3
16.bxc3 Nc4 17.Bc5 Ne7 18.Qh4 g6 19.Qh6 Re8 20.h4 Rb7 21.h5 Nf5 22.Bxf5 exf5
23.Rh2 Re6 24.Rdh1 gxh5 25.Qxh7+ Kxh7 26.Rxh5+ Kg7 27.Rh7+ Kg8 28.Rh8+ Kg7
29.Rxd8 Bd7 30.Bf8+ Kg8 31.Be7+  1-0

[Event "ch-UKR gU20"]
[Site "Lviv UKR"]
[Date "2007.02.03"]
[Round "2"]
[White "Andrenko,I"]
[Black "Tsirulnik,Ann"]
[Result "1-0"]
[WhiteElo "2038"]
[BlackElo "1938"]

1.e4 e6 2.d4 d5 3.Nc3 Nf6 4.e5 Nfd7 5.f4 c5 6.Nf3 Nc6 7.Be3 Qb6 8.Na4 Qa5+
9.c3 cxd4 10.b4 Qd8 11.Nxd4 Nxd4 12.Qxd4 a6 13.Bd3 b5 14.Nb2 Nb8 15.Bf2 Nc6
16.Qe3 d4 17.Qf3 Bd7 18.Be4 Rc8 19.Nd3 dxc3 20.a3 Be7 21.Nc5 Bxc5 22.Bxc5 f5
23.Bc2 Ne7 24.Rd1 Nd5 25.Rxd5 exd5 26.Qxd5 Rxc5 27.Qxc5 Qc8 28.Qxc8+ Bxc8
29.Ke2 Ke7 30.Rd1 g6 31.Rd3 Bb7 32.Rxc3 Bxg2 33.Rc7+ Ke6 34.Bb3+ Bd5 35.Rc6+  1-0

[Event "TCh-NED 2006-7"]
[Site "Netherlands NED"]
[Date "2007.02.03"]
[Round "5"]
[White "Van Haastert,E"]
[Black "Kuijf,R"]
[Result "1/2-1/2"]
[WhiteElo "2391"]
[BlackElo "2424"]

1.e4 e6 2.d4 d5 3.Nc3 Nf6 4.e5 Nfd7 5.f4 c5 6.Nf3 Nc6 7.Be3 a6 8.Qd2 b5 9.a3 Bb7
10.Ne2 cxd4 11.Nfxd4 Nc5 12.Ng3  1/2-1/2

[Event "Zima Rating Tournament"]
[Site "St Petersburg RUS"]
[Date "2007.02.05"]
[Round "6"]
[White "Shlakich,A"]
[Black "Goldobin,M"]
[Result "1-0"]
[WhiteElo "2225"]
[BlackElo "2062"]

1.e4 e6 2.d4 d5 3.Nc3 Nf6 4.e5 Nfd7 5.Nf3 c5 6.dxc5 Bxc5 7.Bd3 Nc6 8.Bf4 a6
9.O-O b5 10.Bg3 Bb7 11.a3 h6 12.Re1 Nb6 13.Ne2 g5 14.b3 Qd7 15.c3 O-O-O 16.Ned4 Nxd4
17.Nxd4 h5 18.h3 Rdg8 19.a4 bxa4 20.bxa4 g4 21.h4 Nc4 22.Qe2 Kb8 23.Reb1 Rc8
24.Nb3 Qc7 25.Ra2 Ka8 26.Nd4 Bxd4 27.cxd4 Qa5 28.Qe1 Qxe1+ 29.Rxe1 Rc7 30.Bf4 Rhc8
31.a5 Bc6 32.Rc1 Bb5 33.Kh2 Rb7 34.Kg3 Rc6 35.Rb1 Ka7 36.Bf1 Rcc7 37.Bg5 Rc8
38.Bf6 Re8 39.Kf4 Rg8 40.g3 Bc6 41.Rxb7+ Kxb7 42.Bd3 Kc7 43.Bh7 Rb8 44.Kg5  1-0

[Event "TCh-BEL 2006-7"]
[Site "Belgium BEL"]
[Date "2007.02.08"]
[Round "7"]
[White "Gharamian,T"]
[Black "Feygin,M"]
[Result "1-0"]
[WhiteElo "2477"]
[BlackElo "2520"]

1.e4 e6 2.d4 d5 3.Nc3 Nf6 4.e5 Nfd7 5.f4 c5 6.Nf3 Nc6 7.Be3 a6 8.Qd2 b5 9.a3 Qa5
10.Ra2 Qb6 11.dxc5 Bxc5 12.Bxc5 Nxc5 13.b4 Ne4 14.Nxe4 dxe4 15.Ng5 O-O 16.Nxe4 a5
17.Qf2 Qxf2+ 18.Kxf2 axb4 19.Bxb5 Nd4 20.Bd3 Ba6 21.Rd1 Bxd3 22.Rxd3 Nb5
23.Rb3 Nc7 24.c4 bxc3 25.Nxc3 f6 26.Rb7 Na6 27.exf6 Rxf6 28.Ke3 Rf5 29.Rb5 Rxb5
30.Nxb5 Nb4 31.Rb2 Nd5+ 32.Kf3 Nb6 33.Rb4 Ra5 34.g3 Kf8 35.Rb3 Nc4 36.Ke2 Ke7
37.Kd3 Nb6 38.Nd4 Ra6 39.Nc6+ Kf6 40.Nb8 Ra8 41.Rxb6 Rxa3+ 42.Ke4 Ra2 43.Nd7+ Ke7
44.Ne5 Re2+ 45.Kf3 Rxh2 46.Rb7+ Kf8 47.Rb8+ Ke7 48.Rg8 g6 49.Rg7+ Kf8 50.Rb7 Rh5
51.Ng4 Ra5 52.Rxh7 g5 53.Ne5 Ra3+ 54.Kg4 gxf4 55.gxf4 Ra1 56.Kg5 Rf1 57.Ng6+ Kg8
58.Rb7 e5 59.Kf6  1-0

[Event "TCh-BEL 2006-7"]
[Site "Belgium BEL"]
[Date "2007.02.08"]
[Round "7"]
[White "Ahn,M"]
[Black "Laurent,B"]
[Result "1/2-1/2"]
[WhiteElo "2302"]
[BlackElo "2397"]

1.e4 e6 2.d4 d5 3.Nc3 Nf6 4.e5 Nfd7 5.f4 c5 6.Nf3 Nc6 7.Be3 Be7 8.dxc5 Bxc5
9.Bxc5 Nxc5 10.Bd3 Qb6 11.Rb1 Bd7 12.Qd2 f5 13.exf6 gxf6 14.a3 O-O-O 15.b4 Nxd3+
16.cxd3 Nd4 17.Nxd4 Qxd4 18.Ne2 Qb6 19.Qc3+ Kb8 20.Qxf6 Rhg8 21.g3 Bb5 22.Kd2 Qa6
23.Qd4 Ka8 24.Rhc1 e5 25.fxe5 Qh6+ 26.Qf4 Qg6 27.Qe3 Qh5 28.a4 d4 29.Nxd4 Qxh2+
30.Qe2 Qh6+ 31.Qe3 Qh2+ 32.Qe2 Qh6+ 33.Qe3 Qh2+  1/2-1/2

[Event "TCh-FIN 2006-7"]
[Site "Jyvaskyla FIN"]
[Date "2007.02.10"]
[Round "7"]
[White "Nevanlinna,R"]
[Black "Binham,T"]
[Result "1-0"]
[WhiteElo "2318"]
[BlackElo "2319"]

1.e4 e6 2.d4 d5 3.Nc3 Nf6 4.e5 Nfd7 5.f4 c5 6.Nf3 Nc6 7.Be3 Qb6 8.a3 cxd4
9.Nxd4 Bc5 10.Na4 Qa5+ 11.c3 Bxd4 12.Bxd4 Nxd4 13.Qxd4 O-O 14.Be2 Nb8 15.Nc5 Nc6
16.Qf2 f6 17.b4 Qc7 18.exf6 Rxf6 19.O-O e5 20.Qf3 Qf7 21.Rad1 b6 22.Rxd5 Bg4
23.Qxg4 Qxd5 24.f5 Nd4 25.cxd4 bxc5 26.Bf3 e4 27.Qxe4 Qxe4 28.Bxe4 Re8 29.Bd5+ Kf8
30.dxc5 Re5 31.Be6 Ke7 32.Rd1 g6 33.g4 gxf5 34.gxf5 Re2 35.Rd7+ Ke8 36.c6 Re1+
37.Kg2 Re2+ 38.Kg3 Rexe6 39.fxe6 Rxe6 40.Rxh7 Rxc6 41.Rxa7  1-0

[Event "ch-St Petersburg sf"]
[Site "St Petersburg RUS"]
[Date "2007.02.13"]
[Round "4"]
[White "Ubykin,V"]
[Black "Rodkin,F"]
[Result "0-1"]
[WhiteElo "2126"]
[BlackElo "2171"]

1.e4 e6 2.d4 d5 3.Nc3 Nf6 4.e5 Nfd7 5.Nce2 c5 6.c3 Nc6 7.Nf3 f6 8.exf6 Qxf6
9.Be3 Bd6 10.Ng3 cxd4 11.Nxd4 O-O 12.Be2 Nxd4 13.Bxd4 e5 14.Be3 d4 15.cxd4 exd4
16.Qxd4 Be5 17.Qd5+ Kh8 18.Rb1 Nb6 19.Qb5 Bd7 20.Qd3 Bxg3 21.hxg3 Bf5 22.Qd1 Rad8
23.Qc1 Rc8 24.Qd1 Bc2 25.Qc1 Be4 26.Qd1 Rfd8 27.O-O Rxd1 28.Rbxd1 Qxb2 29.Bg4 Re8
30.Bh5 Bg6 31.Rd2 Qb4 32.Be2 h6 33.Rfd1 Nc4 34.Rd4 b5 35.Rc1 Re4 36.Rd8+ Kh7
37.Bf3  0-1

[Event "Meurthe et Moselle IM"]
[Site "Nancy FRA"]
[Date "2007.02.20"]
[Round "3"]
[White "Bouhallel,R"]
[Black "Stark,L"]
[Result "1-0"]
[WhiteElo "2329"]
[BlackElo "2424"]

1.e4 e6 2.d4 d5 3.Nc3 Nf6 4.e5 Nfd7 5.f4 c5 6.Nf3 a6 7.Be3 Qb6 8.Na4 Qa5+
9.c3 cxd4 10.b4 Qc7 11.Qxd4 a5 12.b5 b6 13.Be2 Nc5 14.Rc1 Bb7 15.Nb2 Nbd7
16.c4 Be7 17.O-O O-O 18.f5 Rad8 19.Qf4 exf5 20.Qxf5 d4 21.Bxd4 Ne6 22.Be3 Bc5
23.Bxc5 Qxc5+ 24.Kh1 Bxf3 25.Bxf3 Qxe5 26.Qxe5 Nxe5 27.Bd5 Nc5 28.Rf5 Ng4
29.Re1 Nf6 30.Kg1 Rfe8 31.Rd1 Rd7 32.Bf3 Rxd1+ 33.Nxd1 Kf8 34.h3 Re1+ 35.Kh2 Ke7
36.Nc3 Ke6 37.g4 g6 38.Bd5+ Ke7 39.Rf3 h6 40.Bc6 Rc1 41.Kg2 Rc2+ 42.Kf1 Rd2
43.Re3+ Kf8 44.Nd5 Ncd7 45.a3 Rd4 46.Nxf6 Nxf6 47.c5 Nd7 48.Bxd7 Rxd7 49.c6 Rd4
50.Ke2 Rc4 51.Kd3 Rc5 52.a4 f5 53.gxf5 Rxf5 54.Re6 Rc5 55.Rxg6 h5 56.Re6 Kf7
57.Re3 Rd5+ 58.Kc4 Rf5 59.Kd4 Rf4+ 60.Kd5  1-0

[Event "Meurthe et Moselle IM"]
[Site "Nancy FRA"]
[Date "2007.02.22"]
[Round "6"]
[White "Woehrel,H"]
[Black "Stark,L"]
[Result "0-1"]
[WhiteElo "2166"]
[BlackElo "2424"]

1.e4 e6 2.d4 d5 3.Nc3 Nf6 4.e5 Nfd7 5.f4 c5 6.Nce2 Nc6 7.c3 Qb6 8.Nf3 Be7
9.a3 a5 10.f5 cxd4 11.cxd4 Qd8 12.fxe6 fxe6 13.Nf4 Nb6 14.Bd3 Kd7 15.Qc2 g6
16.O-O Kc7 17.Bd2 Kb8 18.Ne2 Rf8 19.Rab1 Bd7 20.Qc1 Rf7 21.Rf2 a4 22.Bg5 Na5
23.Bxe7 Qxe7 24.Qg5 Nac4 25.Nc3 Ka7 26.Qxe7 Rxe7 27.Nd2 Ne3 28.h3 Nf5 29.Ne2 Rc8
30.Rf3 Nh4 31.Rf4 Nf5 32.g4 Ne3 33.Rc1 Rxc1+ 34.Nxc1 Nd1 35.b4 Be8 36.Ne2 Nb2
37.Bb1 N2c4 38.Nxc4 Nxc4 39.Bd3 Nxa3 40.Rf1 Bb5 41.Nf4 Bxd3 42.Nxd3 Nb5 43.Ra1 a3
44.Kf2 b6 45.g5 Rc7 46.Nf4 Rc6 47.Ke3 Kb7 48.h4 Kc8 49.h5 gxh5 50.Nxh5 Rc3+
51.Kd2 Rc4 52.Rc1 Nxd4  0-1

[Event "ch-TUR"]
[Site "Ankara TUR"]
[Date "2007.03.03"]
[Round "3"]
[White "Demirel,T"]
[Black "Secer,A"]
[Result "1-0"]
[WhiteElo "2203"]
[BlackElo "2287"]

1.e4 e6 2.d4 d5 3.Nc3 Nf6 4.e5 Nfd7 5.Nce2 c5 6.f4 Nc6 7.c3 b5 8.Nf3 b4 9.h4 bxc3
10.bxc3 Nb6 11.Ng3 cxd4 12.cxd4 Bb4+ 13.Kf2 O-O 14.Qc2 Bd7 15.Ng5 g6 16.Be3 Rc8
17.Qd1 f6 18.Nf3 fxe5 19.fxe5 Na5 20.Bd3 Nac4 21.Bg5 Be7 22.Kg1 Nb2 23.Qe2 Nxd3
24.Qxd3 Na4 25.Bh6 Rc3 26.Qe2 Rf7 27.Bd2 Rc4 28.h5 g5 29.h6 Bb5 30.Nxg5 Rxd4
31.Qh5 Bxg5 32.Bxg5 Qc7 33.Rc1 Nc3 34.Kh2 Rd3 35.Qg4 Qc4 36.Bf4+ Kf8 37.Rhf1 Rd4
38.Nh5 Qe2 39.Rf3 Rd3 40.Rcf1 Rxf3 41.Rxf3 Qe1 42.Bg3  1-0

[Event "2nd Trophee Universitaire"]
[Site "La Roche sur Yon FRA"]
[Date "2007.03.06"]
[Round "9"]
[White "David,Alb"]
[Black "Libiszewski,F"]
[Result "1-0"]
[WhiteElo "2528"]
[BlackElo "2469"]

1.e4 e6 2.d4 d5 3.Nc3 Nf6 4.e5 Nfd7 5.f4 c5 6.Nf3 Qb6 7.Be3 a6 8.a3 Qa7 9.g3 Nc6
10.Ne2 cxd4 11.Nexd4 Bc5 12.Bh3 Nxd4 13.Nxd4 Nb8 14.O-O Nc6 15.c3 O-O 16.Qd2 Nxd4
17.cxd4 Bb6 18.f5 exf5 19.Bxf5 Be6 20.Rf4 Rae8 21.Bc2 Bd7 22.Rh4 f5 23.exf6 g6
24.Rf1 Rf7 25.Bh6 Bd8 26.Bxg6  1-0

[Event "I Open"]
[Site "La Laguna ESP"]
[Date "2007.03.08"]
[Round "5"]
[White "Radovanovic,J"]
[Black "Garcia Rodriguez,An"]
[Result "1-0"]
[WhiteElo "2327"]
[BlackElo "2034"]

1.e4 e6 2.d4 d5 3.Nc3 Nf6 4.e5 Nfd7 5.f4 c5 6.Nf3 Nc6 7.Be3 cxd4 8.Nxd4 Bc5
9.Qd2 a6 10.O-O-O Nxd4 11.Bxd4 b5 12.h4 b4 13.Na4 Bxd4 14.Qxd4 Qa5 15.b3 Bb7
16.Kb1 Bc6 17.Nb2 Qc5 18.Rh3 a5 19.c3 Qxd4 20.Rxd4 Rb8 21.Re3 O-O 22.Be2 Nc5
23.Bf3 Rfc8 24.cxb4 axb4 25.Re1 Bd7 26.Rc1 Na6 27.Rxc8+ Bxc8 28.Nd1 g6 29.Ne3 h5
30.Nc2 Bd7 31.Kb2 Nc5 32.Be2 Ne4 33.Rxb4 Rc8 34.Nd4  1-0

[Event "ch-POL w"]
[Site "Barlinek POL"]
[Date "2007.03.15"]
[Round "8"]
[White "Zawadzka,J"]
[Black "Socko,M"]
[Result "1-0"]
[WhiteElo "2350"]
[BlackElo "2481"]

1.e4 e6 2.d4 d5 3.Nc3 Nf6 4.e5 Nfd7 5.f4 c5 6.Nf3 Nc6 7.Be3 cxd4 8.Nxd4 Bc5
9.Qd2 O-O 10.O-O-O a6 11.h4 Nxd4 12.Bxd4 b5 13.Ne2 Bb7 14.h5 Rc8 15.Kb1 Re8
16.g4 Qc7 17.g5 Bf8 18.g6 fxg6 19.hxg6 h6 20.Bh3 Rcd8 21.Ng3 b4 22.Nh5 Kh8
23.f5 exf5 24.e6 Ne5 25.Bxf5 Kg8 26.Qf4 Bd6 27.Nf6+ Kf8 28.Nxe8 Rxe8 29.Bh3+ Kg8
30.Bxe5  1-0

[Event "60th ch-RUS sf Urals"]
[Site "Nizhnij Tagil RUS"]
[Date "2007.03.15"]
[Round "2"]
[White "Ovetchkin,R"]
[Black "Pogromsky,M"]
[Result "1/2-1/2"]
[WhiteElo "2534"]
[BlackElo "2384"]

1.e4 e6 2.d4 d5 3.Nc3 Nf6 4.e5 Nfd7 5.f4 c5 6.Nf3 Nc6 7.Be3 cxd4 8.Nxd4 Bc5
9.Qd2 Nxd4 10.Bxd4 Bxd4 11.Qxd4 Qb6 12.Qxb6 Nxb6 13.O-O-O Bd7 14.b3 Rc8 15.Kb2 Ke7
16.Bd3 a6 17.Rhe1 Rc7 18.Ne2 Nc8 19.Nd4 Na7 20.Re3 Bb5 21.Nxb5 Nxb5 22.Bxb5 axb5
23.Rd4 Ra8 24.Rb4 Ra5 25.Rg3 g6 26.Rd3 b6 27.a3  1/2-1/2

[Event "ch-POL w"]
[Site "Barlinek POL"]
[Date "2007.03.17"]
[Round "10"]
[White "Dworakowska,J"]
[Black "Socko,M"]
[Result "1/2-1/2"]
[WhiteElo "2376"]
[BlackElo "2481"]

1.e4 e6 2.d4 d5 3.Nc3 Nf6 4.e5 Nfd7 5.f4 c5 6.Nf3 Nc6 7.Be3 cxd4 8.Nxd4 Bc5
9.Qd2 O-O 10.O-O-O a6 11.h4 Nxd4 12.Bxd4 b5 13.Rh3 b4 14.Ne2 a5 15.Qe3 Qc7
16.Rg3 Ba6 17.f5 Bxd4 18.Nxd4 Qxe5 19.fxe6 fxe6 20.Bxa6 Rxa6 21.Qxe5 Nxe5
22.Re3 Nc4 23.Rxe6 Rxe6 24.Nxe6 Rf2 25.Rxd5 Rxg2 26.b3 Na3 27.Rxa5 Rxc2+
28.Kd1 Rh2 29.Rf5 h5 30.Rf8+ Kh7 31.Rf4 Nc2 32.Re4 Kg6 33.Nd4 Na3 34.Ne2 Rh1+
35.Kd2 Ra1 36.Nc1 Nb1+ 37.Kc2 Nc3 38.Rc4 Nxa2 39.Nxa2 Rxa2+ 40.Kd3 Rh2 41.Rxb4 Rh3+
42.Ke2 Kf5 43.Kf2 g6 44.Rb5+ Kf6 45.Rb6+ Kg7 46.Rb7+ Kh6 47.Rb4 Rd3 48.Rb7 Rh3
49.Rb4 Rc3  1/2-1/2

[Event "60th ch-RUS sf Urals"]
[Site "Nizhnij Tagil RUS"]
[Date "2007.03.17"]
[Round "4"]
[White "Gajsin,E"]
[Black "Kuligin,E"]
[Result "0-1"]
[WhiteElo "2456"]
[BlackElo "2329"]

1.e4 e6 2.d4 d5 3.Nc3 Nf6 4.e5 Nfd7 5.f4 c5 6.Nf3 Nc6 7.Be3 cxd4 8.Nxd4 Bc5
9.Qd2 Nxd4 10.Bxd4 Bxd4 11.Qxd4 Qb6 12.Qxb6 Nxb6 13.a4 a5 14.Ra3 Bd7 15.Rb3 Nxa4
16.Nxa4 Bxa4 17.Rxb7 O-O 18.b3 Bc6 19.Rb6 Bd7 20.Bd3 Rfb8 21.Rxb8+ Rxb8 22.Kd2 a4
23.Ra1 axb3 24.cxb3 g5 25.fxg5 Rxb3 26.Ra7 Bc6 27.h4 Bb5 28.Bc2 Rg3 29.Rb7 Rxg2+
30.Kc3 Be2 31.Bxh7+ Kxh7 32.Rxf7+ Kg8 33.Re7 Bg4 34.h5 Bf5 35.g6 Rh2 36.Re8+ Kg7
37.Re7+ Kf8  0-1

[Event "60th ch-RUS sf Urals"]
[Site "Nizhnij Tagil RUS"]
[Date "2007.03.17"]
[Round "4"]
[White "Korjakin,A"]
[Black "Kalmachevskikh,V"]
[Result "0-1"]
[WhiteElo "2150"]
[BlackElo "2333"]

1.e4 e6 2.d4 d5 3.Nc3 Nf6 4.e5 Nfd7 5.f4 c5 6.Nf3 Nc6 7.Be3 Qb6 8.Na4 Qa5+
9.c3 c4 10.b4 Nxb4 11.cxb4 Bxb4+ 12.Kf2 b5 13.Nc5 Qb6 14.Nxd7 Bxd7 15.Be2 Be7
16.g4 b4 17.Qc2 a5 18.Nd2 O-O 19.Kg3 a4 20.Nxc4 dxc4 21.Bxc4 Bb5 22.Rhc1 Rac8
23.Qe2 Rxc4 24.Rxc4 Bxc4 25.Qxc4 Qb7 26.Rc1 b3 27.axb3 axb3 28.Rb1 Rb8 29.f5 exf5
30.gxf5 Qe4 31.Rxb3 Rxb3 32.Qxb3 Bh4+ 33.Kh3 h5 34.Qd1 Be1 35.Bg1 Qxf5+ 36.Kg2 Bc3
37.Qf3 Qc2+ 38.Kf1 Bxd4 39.Bxd4 Qc4+ 40.Kg2 Qxd4 41.Qxh5 Qd2+ 42.Kg3 Qe3+
43.Kh4 Qd2 44.Kh3 Qe3+ 45.Kh4 Qf4+ 46.Kh3 g6 47.Qe2 Kg7 48.Kg2 Kh6 49.h3 Qf5
50.Qb2 Qe4+ 51.Kg3 Qe3+ 52.Kg2 Kg5 53.Qb8 Qd2+ 54.Kg3 Qd3+ 55.Kg2 Kf5 56.Qe8 Qd5+
57.Kf2 Qe6 58.Qf8 Kxe5 59.Kg3 Kf5 60.Qh6 Qe5+ 61.Kg2 Qe4+ 62.Kg1 Qf4 63.Qh7 Ke4
64.Qh8 Kf3 65.Qa8+ Qe4 66.Qa5 Qb1+  0-1

[Event "zt 2.5 m"]
[Site "San Luis ARG"]
[Date "2007.03.22"]
[Round "6"]
[White "Salas,Cr"]
[Black "Mareco,S"]
[Result "0-1"]
[WhiteElo "2418"]
[BlackElo "2356"]

1.d4 Nf6 2.Nc3 e6 3.e4 d5 4.e5 Nfd7 5.f4 c5 6.Nf3 Nc6 7.Be3 a6 8.Qd2 b5 9.dxc5 Bxc5
10.Bxc5 Nxc5 11.Qf2 Qb6 12.Bd3 b4 13.Ne2 a5 14.O-O Ba6 15.Rac1 Ne7 16.Bxa6 Rxa6
17.Rfd1 O-O 18.c4 bxc3 19.Nxc3 h6 20.Nxd5 Nxd5 21.Qxc5 Nxf4 22.Rc4 Nd5 23.Qxb6 Rxb6
24.Rd2 Rb4 25.b3 Ne3 26.Rxb4 axb4 27.Rd4 Ra8 28.Rxb4 Rxa2 29.Re4 Nd5 30.Ra4 Rb2
31.Ra8+ Kh7 32.Ra7 Ne3 33.Rxf7 Rxg2+ 34.Kh1 Kg8 35.Re7 Rf2 36.Ng1 Ng4  0-1

[Event "VIII Dos Hermanas Internet"]
[Site "ICC INT"]
[Date "2007.03.23"]
[Round "1.1"]
[White "Vovk,Y"]
[Black "Shipov,S"]
[Result "0-1"]
[WhiteElo "2497"]
[BlackElo "2591"]

1.e4 e6 2.d4 d5 3.Nc3 Nf6 4.e5 Nfd7 5.f4 c5 6.Nf3 Nc6 7.Be3 Rb8 8.Qd2 Qa5
9.a3 b5 10.Ra2 Be7 11.dxc5 b4 12.axb4 Qxb4 13.Na4 Nxc5 14.Bxc5 Bxc5 15.Nxc5 Qxc5
16.c3 a5 17.Bd3 O-O 18.Qf2 Qxf2+ 19.Kxf2 f6 20.Ke3 Bd7 21.Re1 fxe5 22.Nxe5 Nxe5
23.fxe5 a4 24.Bc2 Rb6 25.Re2 Bb5 26.Rd2 Ra8 27.b3 Rc8 28.bxa4 Rxc3+ 29.Kf2 Bc4
30.Ra1 g6 31.Bd1 Kf7 32.a5 Ra6 33.Rb2 g5 34.Bh5+ Kg7 35.Be8 Ra7 36.Rb6 d4
37.a6 Rc2+ 38.Kg3 Bd5 39.Rg1 d3 40.Bb5 Rb2 41.h4 gxh4+ 42.Kxh4 d2 43.Rd1 Bc4
44.Rxd2 Rxb5 45.Rxb5 Bxb5 46.Rb2 Bxa6 47.Rb6 Bc8 48.Rb8 Bd7 49.g4 Bc6 50.Rc8 Bd5
51.Rd8 Kg6 52.Rg8+ Kf7 53.Rc8 Ra4 54.Rc7+ Kg6 55.Rc8 Re4 56.Rg8+ Kf7 57.Rg5 h6
58.Rh5 Kg6 59.Kg3 Rxg4+ 60.Kxg4 Bf3+ 61.Kxf3 Kxh5 62.Kf4 Kh4 63.Kf3 Kg5  0-1

[Event "ch-Catalonia"]
[Site "Barcelona ESP"]
[Date "2007.04.05"]
[Round "5"]
[White "Perpinya Rofes,L"]
[Black "Fernandez Aguado,E"]
[Result "1/2-1/2"]
[WhiteElo "2375"]
[BlackElo "2363"]

1.e4 e6 2.d4 d5 3.Nc3 Nf6 4.e5 Nfd7 5.f4 c5 6.Nf3 a6 7.Ne2 Nc6 8.c3 f6 9.g3 cxd4
10.cxd4 fxe5 11.fxe5 Bb4+ 12.Bd2 Qb6 13.Bh3 O-O 14.O-O Rxf3 15.Rxf3 Nxd4
16.Nxd4 Qxd4+ 17.Be3 Qxd1+ 18.Rxd1 Nxe5 19.Rff1 Bd7 20.a3 Bd6 21.Bf4 Re8
22.b4 Bb5 23.Bxe5 Bxf1 24.Kxf1 Bxe5 25.Re1 Bb2 26.Bxe6+ Kh8 27.Bxd5 Rf8+
28.Kg2 Bxa3 29.Bxb7 Bxb4 30.Re6 a5 31.Bc6 g6 32.Re8 Kg7 33.Rxf8 Kxf8 34.Kf3 Ke7
35.h4 Kd6 36.Ba4 Ke5 37.Bc2 Be1 38.h5 gxh5 39.Bxh7 a4 40.Bg8 a3 41.Ba2 Bxg3  1/2-1/2

[Event "Easter Open"]
[Site "Oberhausen GER"]
[Date "2007.04.08"]
[Round "6"]
[White "Henrichs,T"]
[Black "Bruemmer,F"]
[Result "1-0"]
[WhiteElo "2483"]
[BlackElo "2271"]

1.e4 e6 2.d4 d5 3.Nc3 Nf6 4.e5 Nfd7 5.f4 c5 6.Nf3 Nc6 7.Be3 a6 8.Qd2 b5 9.a3 Qa5
10.Ra2 Qb6 11.Ne2 b4 12.axb4 cxb4 13.b3 f5 14.Rg1 Be7 15.g4 g6 16.gxf5 exf5
17.h4 Nf8 18.h5 Be6 19.Rh1 Rg8 20.hxg6 hxg6 21.Bg2 Na7 22.Bf2 Nb5 23.Bh4 a5
24.Bxe7 Kxe7 25.Ng5 Rc8 26.Rh3 Rg7 27.Kf1 Bg8 28.c3 bxc3 29.Nxc3 Ke8 30.Ne2 Ra7
31.Rh8 Be6 32.Qd3 Ke7 33.Nxe6 Kxe6 34.Rc2 Rxc2 35.Qxc2 Rc7 36.Rxf8 Ke7 37.Rf6 Qa7
38.Qd3 Qb7 39.Qh3  1-0

[Event "TCh-RUS HL"]
[Site "Sochi RUS"]
[Date "2007.05.05"]
[Round "3"]
[White "Aliavdin,N"]
[Black "Vitinik,M"]
[Result "1-0"]
[WhiteElo "2421"]
[BlackElo "2363"]

1.e4 e6 2.d4 d5 3.Nc3 Nf6 4.e5 Nfd7 5.f4 c5 6.Nf3 Nc6 7.Be3 Be7 8.Qd2 O-O
9.O-O-O Qa5 10.Kb1 Rb8 11.dxc5 Bxc5 12.Bxc5 Nxc5 13.Nd4 Qb4 14.Qe3 Nxd4 15.Rxd4 Qb6
16.f5 f6 17.exf6 Rxf6 18.g4 Bd7 19.Bh3 h6 20.g5 hxg5 21.fxe6 Bxe6 22.Nxd5 Bxd5
23.Rxd5 Na4 24.Qxb6 Rxb6 25.Ka1 Re8 26.Bd7 Re4 27.Bxa4 Rxa4 28.Rxg5 Kf7 29.b3 Rf4
30.Rd1 Kf6 31.Rdg1 Rf1+ 32.Rxf1+ Kxg5 33.Kb2 Kh4 34.Rf7 g5 35.Rh7+ Kg4 36.c4 a5
37.Kc3 Rf6 38.Rxb7 Rf2 39.Rh7 Rxa2 40.c5 a4 41.b4 a3 42.Kb3 Ra1 43.c6  1-0

[Event "TCh-RUS HL"]
[Site "Sochi RUS"]
[Date "2007.05.08"]
[Round "6"]
[White "Matsenko,S"]
[Black "Chebotarev,O"]
[Result "1/2-1/2"]
[WhiteElo "2374"]
[BlackElo "2514"]

1.e4 e6 2.d4 d5 3.Nc3 Nf6 4.e5 Nfd7 5.f4 c5 6.Nf3 Nc6 7.Be3 a6 8.Qd2 b5 9.a3 Bb7
10.Be2 Qb6 11.O-O cxd4 12.Nxd4 Bc5 13.Rad1 Rc8 14.Bf2 O-O 15.Nxc6  1/2-1/2

[Event "FSIM May"]
[Site "Budapest HUN"]
[Date "2007.05.09"]
[Round "5"]
[White "Lengyel,B"]
[Black "Werner,Di"]
[Result "1/2-1/2"]
[WhiteElo "2324"]
[BlackElo "2358"]

1.e4 e6 2.d4 d5 3.Nc3 Nf6 4.e5 Nfd7 5.f4 c5 6.Nf3 Nc6 7.Be3 cxd4 8.Nxd4 Bc5
9.Qd2 Nxd4 10.Bxd4 Bxd4 11.Qxd4 Qb6 12.Qxb6 Nxb6 13.Bb5+ Bd7 14.Bxd7+ Kxd7
15.O-O-O Rhc8 16.Rd3 Nc4 17.Re1 a6 18.b3 Na3 19.Kb2 Nb5 20.Nxb5 axb5 21.c3  1/2-1/2

[Event "TCh-RUS HL"]
[Site "Sochi RUS"]
[Date "2007.05.09"]
[Round "7"]
[White "Yuzhakov,O"]
[Black "Chuprikov,D"]
[Result "1/2-1/2"]
[WhiteElo "2239"]
[BlackElo "2394"]

1.e4 e6 2.d4 d5 3.Nc3 Nf6 4.e5 Nfd7 5.f4 c5 6.Nf3 Nc6 7.Be3 a6 8.Qd2 b5 9.a3 g5
10.fxg5 cxd4 11.Nxd4 Ncxe5 12.Be2 Bg7 13.h4 Bb7 14.h5 Qc7 15.O-O O-O 16.h6 Bh8
17.Bh5 Ng6 18.Nce2 Nc5 19.Rae1 e5 20.Nf5 d4 21.Bf2 Rad8 22.Neg3 e4 23.Bg4 e3
24.Bxe3 dxe3 25.Qxe3 Bxb2 26.Nh5 Ne4 27.Kh1 Bc3 28.Bf3 Rfe8 29.Bxe4 Rxe4
30.Qxe4 Bxe4 31.Rxe4 Qc5 32.Re3 Qc4 33.Rf2 Be5 34.Nf6+ Kh8 35.Re1 Qc3 36.Rfe2 Rd2
37.Re3 Qc6 38.Re4 Rxc2 39.Nd4 Qc3 40.Nxc2 Qxc2 41.Nd7 f6 42.gxf6 Kg8 43.Nxe5 Nxe5
44.Rxe5 Kf7 45.Rf1 Qg6 46.Re7+ Kf8 47.Re3 Kf7 48.Rh3 Qg5 49.Rff3 a5 50.Re3 b4
51.axb4 axb4 52.Ref3 Qc1+ 53.Kh2 Qg5 54.Rf2 Qe5+ 55.Kg1 Qc5 56.g4 Qd4 57.g5 b3
58.g6+ hxg6 59.h7 b2 60.h8=Q b1=Q+ 61.Kg2 Qb7+ 62.Rhf3 Qg4+ 63.Kh2 Qc7+ 64.Rf4  1/2-1/2